MARC

LEADER 00000cam a2200000 7i4500
001 0000018411
005 20071213.0
040 |a INS 
090 0 0 |a M146 
110 2 |a Kursus budaya kerja cemerlang JPPH Perak   |k 2006 23 - 25 Julai   |c Cameron Highland 
245 0 0 |a Kursus budaya kerja cemerlang JPPH Perak :   |b 23 - 25 Julai 2006   |c Anjuran Pusat Pembangunan Profesional dan Eksekutif INSPEN 
260 |a Bangi :   |b Institut Penilaian Negara ,   |c 2006 
300 |a 1 v. (Mukasurat pelbagai) :   |b ill ;   |c 30 cm. 
650 0 0 |a Career development 
650 0 0 |a Personality development 
650 0 0 |a Work ethic 
710 1 |a INSPEN (Institut Penilaian Negara) 
856 |u http://app.inspen.gov.my:7779/pls/portal/docs/PAGE/CORPORATEPAGES/PORTAL_INSPEN/NOTA_KURSUS/MANAGEMENT/AD)%20KURSUS%20BUDAYA%20KERJA%20CEMERLANG%20JPPH%20PERAK.PDF 
999 |a M000000245   |b BOOK   |c Course Notes   |e Default branch 
999 |a M000000261   |b BOOK   |c Course Notes   |e Default branch 
999 |a M000000262   |b BOOK   |c Course Notes   |e Default branch 
999 |a M000000281   |b BOOK   |c Course Notes   |e Default branch